| 000 | 00519nam a2200181 a 4500 | ||
|---|---|---|---|
| 001 | 3061 | ||
| 003 | CDMR | ||
| 005 | 20130326114434.0 | ||
| 008 | 130130s1991||||||||||||||||||||||||||||d | ||
| 020 | _a8460601021 | ||
| 040 |
_aCDMR _bcat _cCPC GIRONA |
||
| 100 | 1 |
_aCasasús, Josep Maria _9799 |
|
| 245 | 1 | 0 |
_aPeriodisme que ha fet història _cJosep Maria Casasús |
| 260 |
_bDiputació de Barcelona _aBarcelona |
||
| 260 |
_c1991 _bCol.legi de Periodistes de Catalunya |
||
| 490 | 0 |
_aVaixells de Paper _v9 |
|
| 942 |
_cMON _2udc |
||
| 999 |
_c3061 _d3061 |
||